000 01139nam a2200229Ia 4500
001 17422
005 20260413114332.0
008 260306s9999||||xx |||||||||||||| ||und||
041 _aESP
082 _a658
_bB45
100 _aBernal Torres, César Augusto
_eAUT
245 0 _aProceso administrativo:
_bpara las organizaciones del siglo XXI
260 _c2013
300 _axxiii, 360 páginas :
_c24 cm.
650 _aGEN
654 _aCAN
856 _uhttps://itmsp.museknowledge.com/UCSP?url=https://www.ebooks7-24.com:443/?il=9257&pg=1
_zVéase además: Administración: gestión organizacional, enfoques y proceso administrativo. Versión digital
856 _uhttps://0u213w7hp-y-https-ebooks7--24-com.itmsp.museknowledge.com/biblioteca.aspx
_zVéase además: Base de datos Ebook7-24
856 _uhttps://0u20fw7ht-y-https-research-ebsco-com.itmsp.museknowledge.com/c/qxo6us/search
_zVéase además: Base de datos EBSCOhost
856 _uhttps://0u20vw7dn-y-https-ebookcentral-proquest-com.itmsp.museknowledge.com/lib/catolicasp/home.action
_zVéase además: Base de datos ProQuest Ebook Central
942 _cLIB
_dJUS
_fJUS
_2ddc
999 _c17422
_d17422